| 000 | 00426nam a2200169Ia 4500 | ||
|---|---|---|---|
| 008 | 230711s9999||||xx |||||||||||||| ||und|| | ||
| 020 | _a978-0-470-37138-1 | ||
| 041 | _aENG | ||
| 082 |
_a615.1072 _bWE-G |
||
| 100 | _aWeinberg, Sandy | ||
| 245 | 0 | _aGuidebook for Drug Regulatory Submissions | |
| 250 | _a1st Ed. | ||
| 260 |
_c2009 _aNew Jersy _bJohn Wiley & Sons.Inc |
||
| 300 | _a379p. | ||
| 650 | _aPharmacy | ||
| 942 | _cBK | ||
| 999 |
_c7209 _d7209 |
||